Statystyki dla TOP 10 Piosenek - Mata

Kliknij tutaj aby rozwiązać quiz!

Ogólne statystyki

  • Ten quiz został rozwiązany 184 razy
  • Średni wynik to 8 z 10

Statystyki odpowiedzi

NumerTytułAlbum% Poprawnych
04.PatoreakcjaMŁODY MATCZAK
92%
09.Patointeligencja100 dni do matury
91%
01.Kiss camMŁODY MATCZAK
89%
08.100 dni do matury100 dni do matury
84%
03.Schodki100 dni do matury
83%
02.SzafirMŁODY MATCZAK
83%
05.SzmataMŁODY MATCZAK
70%
06.PapugaMŁODY MATCZAK
67%
07.GOMBAO 33100 dni do matury
66%
10La La La (Oh Oh)MŁODY MATCZAK
28%

Rozkład punktacji

Percentyl według liczby udzielonych odpowiedzi

Procent ludzi z każdym wynikiem

Twoja historia wyników

Nie rozwiązałeś tego quizu